| 000 | 00593nam a2200205Ii 4500 | ||
|---|---|---|---|
| 003 | JO-AjNU | ||
| 008 | 230606s9999||||xx |||||||||||||| ||und|| | ||
| 020 | _a0-385-00369-2 | ||
| 040 |
_aJO-AjNU _beng _erda _cJO-AjNU |
||
| 041 | _aeng | ||
| 050 | 1 | 4 | _aPR6052 1974 |
| 100 | 3 |
_aAnderson, Patrick , _eauthor _95491 |
|
| 245 | 0 | 0 | _aActions And Passions : A novel of the 1960s |
| 264 | 3 | 1 | _aNew York ;Doubleday and Company, INC , 1974 |
| 300 | _a371p | ||
| 336 |
_atext _btxt _2rdacontent |
||
| 337 |
_aunmediated _bn _2rdamedia |
||
| 338 |
_avolume _bnc _2rdacarrier |
||
| 650 | 4 |
_anovel _95492 |
|
| 999 |
_aE2838 _c2836 _d2836 |
||